书目信息 |
| 题名: |
列子译注
|
|
| 作者: | 王力波 译注 | |
| 分册: | ||
| 出版信息: | 哈尔滨 黑龙江人民出版社 2003 |
|
| 页数: | 230页 | |
| 开本: | 22cm | |
| 丛书名: | 二十二子详注全译 | |
| 单 册: | ||
| 中图分类: | B223.24 | |
| 科图分类: | ||
| 主题词: | 道家 | |
| 电子资源: | ||
| ISBN: | 7-207-04394-5 | |
| 000 | 00873oam2 2200289 450 | |
| 001 | 05002241381 | |
| 005 | 20051229153558.46 | |
| 010 | @a7-207-04394-5@dCNY509.10(全套) | |
| 092 | @aCN | |
| 100 | @a20050627e20042003ekmy0chiy0120 ea | |
| 101 | 0 | @achi |
| 102 | @aCN@b230000 | |
| 105 | @ay z 000yy | |
| 200 | 1 | @a列子译注@9lie zi yi zhu@f王力波译注@Fwang li bo yi zhu |
| 210 | @a哈尔滨@c黑龙江人民出版社@d2003@h2004重印 | |
| 215 | @a230页@d22cm | |
| 225 | 2 | @a二十二子详注全译@f韩格平,董莲池主编 |
| 330 | @a《列子》包括天瑞、黄帝、周穆王、仲尼、汤问、力命、杨朱、说符等八篇,书中反映了列子及其以后学者们的思想。 | |
| 461 | 0 | @12001 @a二十二子详注全译 |
| 605 | @a列子@x译文 | |
| 605 | @a列子 | |
| 606 | 0 | @a道家 |
| 690 | @aB223.24@v4 | |
| 701 | 0 | @a王力波@9wang li bo@4译注 |
| 801 | 0 | @aCN@bNLC@c20051229 |
| 905 | @a10447@dB223.24@e234 | |
| 999 | @aHSJ | |
| 列子译注/王力波译注.-哈尔滨:黑龙江人民出版社,2003(2004重印) |
| 230页;22cm.-(二十二子详注全译/韩格平,董莲池主编) |
| ISBN 7-207-04394-5:CNY509.10(全套) |
| 《列子》包括天瑞、黄帝、周穆王、仲尼、汤问、力命、杨朱、说符等八篇,书中反映了列子及其以后学者们的思想。 |
| ● |
| 相关链接 |
|
|
|
|
正题名:列子译注
索取号:B223.24/234
 
预约/预借
| 序号 | 登录号 | 条形码 | 馆藏地/架位号 | 状态 | 备注 |
| 1 | 0369815 | 203698150 | 第一样本阅览室/ [索取号:B223.24/234] | 在馆 | |
| 2 | 0369816 | 203698169 | 教育系资料室/ [索取号:B223.24/234] | 在馆 | |
| 3 | 0373160 | 203731603 | 第一借阅区/ [索取号:B223.24/234] | 在馆 | |
| 4 | 0373161 | 203731612 | 第一借阅区/ [索取号:B223.24/234] | 在馆 | |
| 5 | 0373162 | 203731621 | 教育系资料室/ [索取号:B223.24/234] | 在馆 |